Notre-Dame de Paris à travers les âges par images - Statistiques

Statistiques générales
  • Ce quiz a été pris 5 571 fois
  • Le résultat moyen est 10 sur 15
Statistiques - réponses
Par images Hint Réponse % Correct
Auteur de Notre-Dame de Paris (1831) Victor Hugo
93%
Sinistre détruisant une partie de la cathédrale (2019) Incendie
92%
Style architectural d'origine Gothique
91%
Elle en compte plus de 10 millions par an (de nos jours) Visiteurs
90%
Sainte à laquelle la cathédrale est dédiée Vierge Marie
87%
Sacre de cet empereur (1804) Napoléon Ier
86%
Evènement (1944) Libération
82%
Ile sur laquelle elle a été bâtie Ile de la Cité
79%
Catastrophe naturelle (1910) Grande Crue de la Seine
77%
Protagoniste du Bossu de Notre-Dame (1996) Quasimodo
75%
Mariage avec Marguerite de Valois de ce roi pour lequel Paris vaut bien une messe (1574) Henri IV
66%
Déposée par Saint-Louis (1239) Sainte Couronne
42%
La cathédrale est restaurée par cet architecte (1845-1867) Eugène Viollet-le-Duc
39%
Un Te Deum célèbre la reprise de Paris lors de ce conflit (1447) Guerre de Cent Ans
32%
Evêque à l'origine de sa construction (1160) Maurice de Sully
10%
Aucun quiz correspondant
Distribution des résultats
% des personnes avec chaque résultat
Percentile par nombre de réponses
Votre historique - résultats
Vous n’avez pas pris ce quiz